|
|
|
|
| LEADER |
00000nam0a2200000 4500 |
| 001 |
249871 |
| 005 |
20231101232519.0 |
| 010 |
|
|
|a 5070000470
|
| 020 |
|
|
|a RU
|b 89-1804
|
| 035 |
|
|
|a (RuTPU)RU\TPU\book\271985
|
| 090 |
|
|
|a 249871
|
| 100 |
|
|
|a 20140208d1989 km y0rusy5003 ca
|
| 101 |
0 |
|
|a rus
|
| 102 |
|
|
|a RU
|
| 105 |
|
|
|a a z 000zy
|
| 200 |
1 |
|
|a Мысль, заключенная в кристалле
|f В. Ф. Дорфман
|
| 210 |
|
|
|a Москва
|c Знание
|d 1989
|
| 215 |
|
|
|a 208 с.
|c ил.
|
| 606 |
1 |
|
|a Вычислительные машины малые
|2 stltpush
|3 (RuTPU)RU\TPU\subj\4073
|9 32384
|
| 610 |
1 |
|
|a вычислительные машины электронные
|
| 610 |
1 |
|
|a миниатюризация
|
| 610 |
1 |
|
|a микроэлектроника
|
| 610 |
1 |
|
|a микроэлектронная аппаратура
|
| 610 |
1 |
|
|a кристаллические детекторы
|
| 675 |
|
|
|a 681.322-181.4
|z rus
|
| 700 |
|
1 |
|a Дорфман
|b В. Ф.
|g Вениамин Фриделевич
|4 070
|
| 801 |
|
0 |
|a RU
|b RuMRKP
|c 19950417
|g psbo
|
| 801 |
|
1 |
|a RU
|b 63413507
|c 20140208
|
| 801 |
|
2 |
|a RU
|b 63413507
|c 20140227
|g RCR
|
| 942 |
|
|
|c BK
|